000 00893nam a2200265Ia 4500
001 21811
005 20260320113314.0
008 260320s9999||||xx |||||||||||||| ||und||
020 _a9786124670091
041 _aESP
082 _a333.3185
_bB73
100 _aBonfiglio, Giovanni,
_eAUT
245 0 _aLas empresas de la reforma agraria peruana 40 años después
_b
246 _a
_5
_b
250 _aPrimera edición
260 _aLima :
_bFundación Manuel J. Bustamante de la Fuente,
_c2019
300 _a323 páginas :
_bláminas, fotografías ;
_c24 cm.
_e
440 _a
_n
_v
650 _aCIS
653 _aReforma agraria - Perú; Comunidades campesinas - Perú; Cooperativas agrícolas - Perú
654 _aCHU
700 _a
_c
856 _uhttps://go-gale-com.ucsp.lookproxy.com/ps/start.do?p=IFME&u=ucsp
_zVéase además: Base de datos Gale
942 _cLIB
_dJUS
_fMAT
_2ddc
_n
999 _c21811
_d21811